000 00484nam a2200169 a 4500
001 000024051
005 20200930022657.0
008 110118s2010 dr 000 0 spa d
040 _aDO-SdBNP
_bspa
_cBNPHU
082 _axxx
100 1 _aMejía-Richart, Tirso
_949422
245 1 0 _aPRD postulciones y desviaciones del socialismo democrático /
_cTirso Mejía-Ricart.
250 _a2a ed.
260 _aSanto Domingo :
_bBúho,
_c2010.
300 _a27 p. ;
_c22 cm.
049 _aBNPD
999 _c23546
_d23546